000 00677cam a2200217 a 4500
001 13503164
005 20180119042056.0
008 040226s2005 maua 001 0 eng
010 _a 2004045966
020 _a0321132262 (pbk. : alk. paper)
040 _aDLC
_cDLC
_dDLC
041 _aeng
080 _a513..12 pal
082 0 0 _a513..12 pal
_222
100 1 _a51
101 _amat
245 1 0 _aIntegrated arithmetic and basic algebra /
_cBill E. Jordan, William P. Palow.
906 _a7
_bcbc
_corignew
_d1
_eocip
_f20
_gy-gencatlg
942 _2ddc
_cBK
999 _c40540
_d40540